书目信息 |
| 题名: |
供水水文地质
|
|
| 作者: | 刘兆昌 , 朱琨 编 | |
| 分册: | ||
| 出版信息: | 北京 中国建筑工业出版社 1988.12 |
|
| 页数: | 234页 | |
| 开本: | 16开 | |
| 丛书名: | ||
| 单 册: | ||
| 中图分类: | P64-43 | |
| 科图分类: | ||
| 主题词: | 水文地质 , 工程地质 | |
| 电子资源: | ||
| ISBN: | 7-112-00519-1 | |
| 000 | 00570nam0 2200205 45 | |
| 001 | 0103290914 | |
| 005 | 20081023170723.81 | |
| 010 | @a7-112-00519-1@d11.70元 | |
| 100 | @a20010329d1988 km y0chiy0120 ea | |
| 101 | 0 | @achi |
| 200 | 1 | @a供水水文地质@AGong Shui Shui Wen Di Zhi@f刘兆昌,朱琨编@FLiu Zhao Chang,Zhu Kun Bian |
| 210 | @a北京@c中国建筑工业出版社@d1988.12 | |
| 215 | @a234页@d16开 | |
| 606 | 0 | @a水文地质 |
| 606 | 0 | @a工程地质 |
| 690 | @aP64-43@v3 | |
| 701 | 0 | @a刘兆昌@4编 |
| 701 | 0 | @a朱琨@4编 |
| 801 | @aCN@c20081023 | |
| 905 | @b333417-422@dP64-43@eL128@f6 | |
| 供水水文地质/刘兆昌,朱琨编.-北京:中国建筑工业出版社,1988.12 |
| 234页;16开 |
| ISBN 7-112-00519-1:11.70元 |
| ● |
| 相关链接 |
|
|
|
正题名:供水水文地质
索取号:P64-43/L128
 
预约/预借
| 序号 | 登录号 | 条形码 | 馆藏地/架位号 | 状态 | 备注 |
| 1 | 333417 | 203334178 | 社科二线400B/400B社科库 9排1列2层/ [索取号:P64-43/L128] | 在馆 | |
| 2 | 333418 | 203334187 | 社科二线400B/400B社科库 9排1列2层/ [索取号:P64-43/L128] | 在馆 | |
| 3 | 333419 | 203334196 | 自科库401/401自科库 132排2列5层/ [索取号:P64-43/L128] | 在馆 | |
| 4 | 333420 | 203334203 | 自科二线504/504自科库 47排3列1层/ [索取号:P64-43/L128] | 在馆 | |
| 5 | 333421 | 203334212 | 自科二线504/504自科库 47排3列1层/ [索取号:P64-43/L128] | 在馆 | |
| 6 | 333422 | 203334221 | 自科二线504/504自科库 47排3列1层/ [索取号:P64-43/L128] | 在馆 | |
| 7 | 454148 | 204541488 | 自科二线504/504自科库 47排3列6层/ [索取号:P64-43/L128] | 在馆 |